WWE Finishers 2 - Statistics

General Stats
  • This quiz has been taken 46 times
  • The average score is 8 of 12
Answer Stats
Picture Answer % Correct
F5
94%
Sweet Chin Music
94%
Swanton Bomb
86%
Sharpshooter
81%
Jackhammer
75%
Angle Slam
72%
Twist of Fate
64%
Ankle Lock
53%
World's Strongest Slam
53%
KO Punch
50%
The Playmaker
36%
Scissors Kick
33%
No matching quizzes found
Score Distribution
Percent of People with Each Score
Percentile by Number Answered
Your Score History
You have not taken this quiz